02513 a2200193 45000010006000000050017000060080041000230030015000640400040000790800035001192450032001540200022001862500012002082640033002203000019002535051897002721000028021698560122021972505520260407155534.0260407a2006 arg spa dAR-UNSa-BCEJYS aAR-UNSa-BCEJYSbspacAR-UNSa-BCEJYS a347.72xSociedades comerciales10aCurso de derecho societario a978-950-894-576-7 a2a. ed. 1aBuenos Aires :bAD-HOCc2006 a620 p.c23 cm. a1. Historia del derecho societario: sus actuales tendencias - 2. El contrato de sociedad comercial. Naturaleza de su acto constitutivo y elementos del contrato de sociedad - 3. Comercialidad de las sociedades. Diferencia con otros contratos asociativos. Clasificación de las sociedades - 4. Requisitos específicos del contrato de sociedad comercial - 5. La personalidad jurídica de las sociedades comerciales - 6. Formas de constitución. Publicidad y registración de sociedades comerciales - 7. El procedimiento societario - 8. Régimen de nulidad de las sociedades comerciales - 9. Irregularidad societaria - 10. Derechos y obligaciones de los socios - 11. Administración y representación de las sociedades comerciales - 12. De la documentación y de la contabilidad - 13. Reorganización de sociedades. Transformación, fusión y escisión - 14. Resolución parcial. Disolución y liquidación de sociedades - 15. Intervención judicial de sociedades comerciales - 16. Sociedades extranjeras - 17. Sociedades personalistas - 18. Sociedades personalistas. La sociedad civil - 19. Sociedades de responsabilidad limitada - 20. Sociedades anónimas. Constitución - 21. Sociedades Anónimas. El capital social - 22. Sociedad anónima, acciones, bonos debentures y obligaciones negociables - 23. Las asambleas de las sociedades anónimas - 24. El directorio - 25. El órgano de fiscalización de las sociedades anónimas. El consejo de vigilancia y la sindicatura. La fiscalización externa - 26. Sociedades anónimas con participación estatal mayoritaria y sociedades de economía mixta - 27. Las sociedades coorperativas - 28. Las sociedades de garantía recíproca - 29. Sociedades en comandita por acciones - 30. Los contratos de colaboración empresaria - 31. Breves reflexiones sobre las recientes resoluciones de la Inspección General de Justicia1 aNissen, Ricardo Augusto41uhttps://biblioeco.unsa.edu.ar/pmb/images/libros/Curso de Derecho Societario (2014).jpgyImagen de portadaqimage/jpeg